Cities that Start with T by Clue #2 - Statistics

General Stats
  • This quiz has been taken 51 times
  • The average score is 8 of 15
Answer Stats
Clue City % Correct
Capital of Honduras Tegucigalpa
87%
Central Asian capital known for Islamic architecture and bazaars Tashkent
78%
Norway's third largest city Trondheim
70%
Finnish city known as the "Sauna Capital of the World" Tampere
63%
City of 14 million known as "China's Manhattan" Tianjin
63%
After World War II, this city became independent before being handed over to Italy Trieste
52%
The "Tac" in Sea-Tac Tacoma
50%
Phoenix suburb that is home to Arizona State University Tempe
46%
Loire valley city known for its iconic château Tours
43%
Persian city known for one of the world's oldest and largest bazaars Tabriz
41%
Main city in the breakaway region of Transnistria Tiraspol
39%
French Riviera city known for its impressive harbor Toulon
39%
Southern Italian city founded by Greeks known for mussel production Taranto
37%
Turkish Black Sea city known for monasteries and lakes Trabzon
37%
Important Phoenician city known for the color purple Tyre
24%
No matching quizzes found
Score Distribution
Percent of People with Each Score
Percentile by Number Answered
Your Score History
You have not taken this quiz